Open Data Biblioteca Nacional de Portugal


República Portuguesa: Ministério da Cultura
Biblioteca Nacional de Portugal

Catálogo da BNP: acesso por Identificadores Unívocos
Registos Bibliográficos associados ao registo de autoridade

Etiqueta de registo: 00000nam 2200025 450
001 2284423
003 http://id.bnportugal.gov.pt/bib/catbnp/2284423
100 ## $a20260415d2024 k y0pory01030103ba
101 0# $aeng$dpor
102 ## $aPT
105 ## $aa m 000yy
106 ## $ar
200 1# $a The financial capacity, functional abilities and autonomy of individuals with mild and moderate dementia$e the role of behavioural and psycholigical symptoms$fValeska Maria Eboli Bello Delineau$gorient. Lia Paula Nogueira Sousa Fernandes, Ana Rita Leal Ferreira, Ivone Maria Resende Figueiredo Duarte
210 #9 $aPorto$c[s.n.],$d2024
215 ## $a234 p.$cil.$d30 cm
328 #1 $aTese dout. Gerontologia e Geriatria, Instituto de Ciências Biomédicas de Abel Salazar, Universidade do Porto, 2024
700 #1 $aDelineau,$bValeska Maria Eboli Bello$31995740
702 #1 $aFernandes,$bLia Paula Nogueira Sousa$4727$3180167
702 #1 $94$aFerreira,$bAna Rita$4727$31848743
702 #1 $aDuarte,$bIvone$4727$31383123
801 #0 $aPT$bBN$gRPC
966 ## $lBN$mFGMON$x1
971 ## $corlando$d20260415

OpendataBNP@bnportugal.pt | Mais informação sobre acesso aos dados BNP